Welcome to the Holygrace Academy Library

Please use search bar below to get started

GANDHI SPEAKS (Record no. 3717)

MARC details
000 -LEADER
fixed length control field 00275nam a22001337a 4500
020 ## - INTERNATIONAL STANDARD BOOK NUMBER
ISBN 978-0-143-33047-9
082 ## - DEWEY DECIMAL CLASSIFICATION NUMBER
Classification number 825
Item number GAN/G
100 ## - MAIN ENTRY--AUTHOR NAME
Personal name GANDHI, M . K
245 ## - TITLE STATEMENT
Title GANDHI SPEAKS
260 ## - PUBLICATION, DISTRIBUTION, ETC. (IMPRINT)
Place of publication USA
Name of publisher PUFFIN BOOKS
300 ## - PHYSICAL DESCRIPTION
Number of Pages 106
650 ## - SUBJECT ADDED ENTRY--TOPICAL TERM
Topical Term SPEAKS
Geographic subdivision USA
942 ## - ADDED ENTRY ELEMENTS (KOHA)
Koha item type Books
Holdings
Withdrawn status Lost status Collection code Home library Current library Shelving location Date acquired Source of acquisition Cost, normal purchase price Full call number Accession Number Koha item type
    Reference Main Library Main Library SHELF-16B -ENGLISH SPEECHES,ESSAYS,QUOTES 13/05/2011 PURCHASE 125.00 825 GAN/G 03870 Books